Las 32 leyes inquebrantables del dinero y el éxito 2024 /

Detalles Bibliográficos
Autor principal: Tracy, Brian (Autor)
Otros Autores: Fresquet Roso, María (Traductor)
Formato: Electrónico eBook
Lenguaje:español
inglés
Publicado: Barcelona : REM, Reverté Management, [2024]
Materias:
Acceso en línea:Digitalia Hispánica

MARC

LEADER 00000nam a2200000Ii 4500
001 DIGREVMGM0092
003 NyNyDIG
006 m o d
007 cr |||||||||||
008 241203s2024 sp o 001 0 spa d
035 |a (OCoLC)1482221699 
040 |a DGITA  |b eng  |e rda  |e pn  |c DGITA 
020 |a 9788429198379  |q pdf 
020 |a 9788429198362  |q ePub 
020 |z 9788410121164  |q papel 
041 1 |a spa  |h eng 
050 1 4 |a HF5386 ebook 
082 0 4 |a 332.024  |2 23 
100 1 |a Tracy, Brian,  |e author. 
240 1 0 |a 32 unbreakable laws of money and success.  |l Spanish  |s (Fresquet Roso) 
245 1 4 |a Las 32 leyes inquebrantables del dinero y el éxito 2024 /  |c traducción, María Fresquet Roso. 
246 3 0 |a Treinta y dos leyes inquebrantables del dinero y el éxito 2024 
264 1 |a Barcelona :  |b REM, Reverté Management,  |c [2024] 
300 |a 1 online resource. 
336 |a text  |b txt  |2 rdacontent 
337 |a computer  |b c  |2 rdamedia 
338 |a online resource  |b cr  |2 rdacarrier 
347 |a text file  |2 rdaft 
347 |b PDF 
347 |b EPUB 
500 |a Includes index. 
588 0 |a Online resource; title from PDF title page (Digitalia, viewed December 3, 2024) 
650 0 |a Success in business. 
650 0 |a Money. 
650 0 |a Wealth. 
700 1 |a Fresquet Roso, María,  |e translator. 
700 1 |i Translation of:  |a Tracy, Brian.  |t 32 unbreakable laws of money and success. 
791 2 |a Digitalia (Firm),  |e distributor. 
793 0 |g Digitalia eBook Collection:  |a Reverté Management 
776 0 8 |i Print version:  |a Tracy, Brian.  |s 32 unbreakable laws of money and success. Spanish (Fresquet Roso).  |t 32 leyes inquebrantables del dinero y el éxito 2024.  |d Barcelona : REM, Reverté Management, [2024]  |z 9788410121164 
856 4 0 |3 Digitalia Hispánica  |u https://www.digitaliapublishing.com/a/163000/ 
910 |a Premium collection: 2024